Statistiques concernant Quiz ultime de la Troisième République française

Cliquez ici pour prendre le quiz!

Statistiques générales

  • Ce quiz a été pris 198 fois
  • Le résultat moyen est 39 sur 71

Statistiques - réponses

AnnéeIndiceRéponse% Correct
1940Albert Lebrun nomme ce Maréchal de France à la présidence du ConseilPhilippe Pétain
94%
1897Cet auteur naturaliste s'engage officiellement dans la grande affaire d'Etat secouant le pays, un an avant la publication de son célèbre "J'accuse...!"Emile Zola
84%
1879Ce chant patriotique révolutionnaire est fait hymne nationalLa Marseillaise
84%
1880Cette date est fixée pour la fête nationale, commémorant la Fête de la Fédération de 179014 juillet
80%
1881Loi portant le nom de son instigateur rendant l'école primaire gratuiteJules Ferry
80%
1899Ce capitaine est gracié par Félix Faure, quelques mois seulement avant que celui-ci ne décède de manière inhabituelleAlfred Dreyfus
78%
1918Il est signé le 11 novembreArmistice
78%
1910Celle des ouvriers et paysans est établie à 65 ansRetraite
78%
1933Arrivée au pouvoir de ce national-socialiste à la Chancellerie allemande, fragilisant les relations germano-françaisesAdolf Hitler
76%
1901Loi définissant encore aujourd'hui le statut des ____________ à but non lucratifAssociations
76%
1888La compagnie en charge de la construction de ce canal présente un projet de redressement au Parlement pour éviter la faillite, qu'elle connaîtra l'année suivanteCanal de {Panama}
76%
1871Insurrection parisienne faisant suite à la décision d'Adolphe Thiers de désarmer la capitale après la fin de la guerreCommune de Paris
76%
1905Elles sont définitivement séparées de l'EtatEglises
76%
1882L'école est également rendue ______Laïque
76%
1906Cette figure de la Troisième République surnommée le Tigre devient Président du Conseil pour la première foisGeorges Clemenceau
75%
1936Cette coalition de partis de gauche, organisée autour de la SFIO, arrive au pouvoirFront populaire
74%
1937Leader de ⬇️ annonçant une pause dans les réformes sociales, afin de préserver l'économie du pays mais aussi la paix sur le continentLéon Blum
74%
1870Bataille de la guerre franco-prussienne marquant la fin du Second Empire et, deux jours plus tard, la proclamation de la Troisième RépubliqueBataille de {Sedan}
72%
1876Deux chambres sont créées avec la dissolution de l'Assemblée nationale (nommez-en une)Sénat | Chambre des députés
72%
1928Amorce de la construction de cette tristement célèbre ligne de défense sur les frontières orientales du paysLigne {Maginot}
71%
1919Traité de paix entre l'Allemagne et les Alliés signé cinq ans jour pour jour après l'attentat de Sarajevo contre l'archiduc François-FerdinandTraité de {Versailles}
70%
1914Assassinat de cette figure du socialisme français, militant pour la paixJean Jaurès
69%
1930Territoire dont le centenaire de la conquête est célébréAlgérie
67%
1883Suite au décès du comte de Chambord, la branche aîné de cette dynastie française historique s'éteintBourbons
67%
1890Le Royaume-Uni reconnaît à la France ses droits sur cette île du Sud de l'Afrique, en échange du protectorat de ZanzibarMadagascar
66%
1938Accords signés avec les autres puissances européennes, cédant les Sudètes à l'Allemagne pour prévenir un éventuel conflit armé à l'échelle du continentAccords de {Munich}
64%
1939Début de cette phase de la Seconde Guerre mondiale, caractérisée par son nombre très limité de conflits armés sur le front européen occidentalDrôle de guerre
64%
1896Ce tsar effectue une visite officielle en France, en témoignage de l'amitié réciproque des deux paysNicolas II
64%
1885Un échec militaire sur ce territoire asiatique en cours de conquête entraîne une crise politique et la chute du gouvernementIndochine
63%
1912La France impose son protectorat dans ce pays, après une crise impliquant notamment l'AllemagneMaroc
61%
1894Ce Président de la République est assassiné par un anarchiste italien, quelques mois à peine avant la fin de son mandatSadi Carnot
61%
1884Ces associations de défense d'intérêts communs, notamment professionnels, sont rendues légalesSyndicats
60%
1900Plus importante à avoir lieu en France, elle voit notamment l'apparition des Petit et Grand Palais ainsi que d'un métro à ParisExposition universelle
58%
1886Ce Général devient Ministre de la Guerre; poursuite de la crise politique portant son nomGeorges Boulanger
58%
1908Un projet de loi pour son abolition est proposé, 73 ans avant son retrait effectifPeine de mort
58%
1935Cette figure importante du régime de Vichy quelques années plus tard forme un gouvernement dans le but de protéger la France par la constitution d'un solide réseau d'alliances en EuropePierre Laval
58%
1892La France signe une alliance militaire secrète avec ce pays pourtant autocratiqueRussie
58%
1921Suite à l'éloignement de la Russie soviétique, un rapprochement est opéré avec ce pays d'Europe centralePologne
57%
1913Cet ancien avocat, frère d'un célèbre mathématicien, accède à la présidence de la RépubliqueRaymond Poincaré
57%
1875Trois lois sont votées, composant la ____________ du régime, plus de quatre ans après sa proclamationConstitution
56%
1872Adolphe Thiers annonce quitter ce courant royaliste au profit des républicainsOrléanisme
55%
1878Le Plan Freycinet prévoit la construction de ce genre de voies de communication partout dans le paysChemin de fer
53%
1889Le Général (1886) est contraint à l'exil et s'établit dans ce pays frontalier de la FranceBelgique
50%
1909La fonction publique réclame ce droit, que le Tigre lui refuseDroit de {grève}
50%
1904Nom donné à l'alliance diplomatique exceptionnelle entre la France et le Royaume-UniEntente cordiale
49%
1932Ce Président français est assassiné par un immigré russe aux motivations confuses, moins d'un an après sa prise de fonctionPaul Doumer
48%
1915Les cendres de cet officier célèbre pour avoir composé l'hymne national sont transférées aux InvalidesRouget de Lisle
48%
1926Un ancien Président est appelé aux Finances pour sauver cette monnaieFranc
47%
1920Début et fin du mandat de ce Président célèbre pour avoir chuté d'un train en marche en pleine nuitPaul Deschanel
45%
1877Ce républicain adresse "Il faudra se soumettre ou se démettre." au Président, devant sa volonté de gouverner en désaccord avec le ParlementLéon Gambetta
42%
1902Ca parti de centre-gauche créé l'année précédente devient majoritaire à la ChambreParti Radical
41%
1931Premier Président à boucler un septennat depuis 1920Gaston Doumergue
39%
1927Fin de cette guerre opposant les Français et Espagnols aux berbères marocainsGuerre du {Rif}
39%
1916Ce militaire, célèbre pour ses faits d'armes au cours des batailles de la Marne et de Verdun, est fait MaréchalJoseph Joffre
38%
1922Président que le militant anarchiste Gustave Bouvet tente d'assassiner à l'occasion de la cérémonie du 14 juilletAlexandre Millerand
35%
1895Démission de ce Président après seulement six mois de mandat, restant à ce jour le locataire le plus passager de l'ElyséeJean Casimir-Perier
35%
1923Région allemande dont l'occupation est décidée en raison d'un non-paiement des indemnités de guerreRuhr
35%
1934Crise politico-économique conduisant à des émeutes antiparlementaires le 6 févrierAffaire {Stavisky}
34%
1907Les viticulteurs de cette région du Sud de la France se soulèvent contre une fraude sur les vins, avant d'être sévèrement réprimés par ⬇️Languedoc-Roussillon
31%
1898Incident diplomatique avec le Royaume-Uni poussant la France à renoncer à la vallée du NilCrise de {Fachoda}
30%
1887Jules Grévy est poussé à la démission suite à ce scandale impliquant don gendreScandale des {décorations}
30%
1903Roi britannique visitant la France, jetant ainsi les bases de ⬆️Édouard VII
29%
1873Libération des deux derniers départements occupés par l'Allemagne (nommez-en un)Meuse | Meurthe-et-Moselle
29%
1929Ce républicain-socialiste effectue son onzième et dernier mandat à la Présidence du Conseil, un record pour ce régimeAristide Briand
28%
1874Ce territoire au Sud de l'actuel Viêt Nam est annexé par traité avec l'Empereur d'AnnamCochinchine
25%
1893Les premiers textes de ce groupe de lois contre l'anarchisme sont promulguésLois {scélérates}
25%
1924Cette coalition menée par les radicaux d'Edouard Herriot sort victorieuse des élections législativesCartel des gauches
24%
1891La répression dans le sang d'une manifestation ouvrière pour la journée de huit heures y fait neuf mortsFourmies
21%
1917Une crise diplomatique éclate avec la Russie suite à la renonciation des bolcheviks de les rembourser, car contractés par l'EmpireEmprunts russes
16%
1911Ce radical, dont la femme assassinera en 1914 le rédacteur en chef du Figaro, forme un gouvernement mais se heurte à des conflits avec l'Allemagne en Afrique du NordJoseph Caillaux
10%
1925Ce socialiste, mathématicien et candidat déçu en 1924, forme un gouvernement optant pour une conciliation internationale grâce à l'arbitrage de la SDNPaul Painlevé
6%

Distribution des résultats

Percentile par nombre de réponses

% des personnes avec chaque résultat

Votre développement - résultats

Vous n’avez pas pris ce quiz